<?xml version="1.0" encoding="UTF-8"?>
<record
    xmlns:xsi="http://www.w3.org/2001/XMLSchema-instance"
    xsi:schemaLocation="http://www.loc.gov/MARC21/slim http://www.loc.gov/standards/marcxml/schema/MARC21slim.xsd"
    xmlns="http://www.loc.gov/MARC21/slim">

  <leader>01900nam a2200277uu 4500</leader>
  <controlfield tag="001">1178625</controlfield>
  <controlfield tag="005">20260507134908.0</controlfield>
  <controlfield tag="008">091112e20091112                    spa  </controlfield>
  <datafield tag="020" ind1=" " ind2=" ">
    <subfield code="a">9586706711</subfield>
  </datafield>
  <datafield tag="035" ind1=" " ind2=" ">
    <subfield code="a">1178625</subfield>
  </datafield>
  <datafield tag="035" ind1=" " ind2=" ">
    <subfield code="a">(OCoLC)777036680</subfield>
  </datafield>
  <datafield tag="040" ind1=" " ind2=" ">
    <subfield code="c">comduadb</subfield>
  </datafield>
  <datafield tag="041" ind1=" " ind2=" ">
    <subfield code="a">spa</subfield>
  </datafield>
  <datafield tag="082" ind1=" " ind2="4">
    <subfield code="a">C861</subfield>
  </datafield>
  <datafield tag="100" ind1="1" ind2="0">
    <subfield code="a">Franco Zambrano, &#xC1;lvaro Neil</subfield>
    <subfield code="4">aut</subfield>
    <subfield code="e">aut</subfield>
    <subfield code="9">574847</subfield>
  </datafield>
  <datafield tag="245" ind1="1" ind2="3">
    <subfield code="a">La saga de los clavellinos</subfield>
  </datafield>
  <datafield tag="260" ind1=" " ind2=" ">
    <subfield code="a">Cali :</subfield>
    <subfield code="b">Editorial Universidad del Valle,</subfield>
    <subfield code="c">2008.</subfield>
  </datafield>
  <datafield tag="300" ind1=" " ind2=" ">
    <subfield code="a">47 p&#xE1;ginas.</subfield>
  </datafield>
  <datafield tag="490" ind1="0" ind2=" ">
    <subfield code="a">Escala de Jacob. Colecci&#xF3;n de Poes&#xED;a</subfield>
  </datafield>
  <datafield tag="505" ind1=" " ind2=" ">
    <subfield code="a">CONTENIDO : Carta al padre I. -- Carta al padre II. -- Una carta a Isabel. -- Noticias buenas de Isabel. -- Poema de la abuela Lucrecia. --  Poema para el t&#xED;o luis. -- Tonada para Leonardo. -- Poema para unas manos. -- Poema para el t&#xED;o Jos&#xE9;. -- Requiem por el abuelo Salvador. -- Poema para el primo Carlos . -- Requiem por el t&#xED;o Ciro. -- Estudio para el poema de hermano Bengi. -- Poema para el viejo Migue. -- Poema para el primo Chepe. -- Eleg&#xED;a humor&#xED;stica para Wilfredo Vega. -- R&#xE9;quiem por el t&#xED;o Libardo. -- Poema para Jes&#xFA;s Alirio Su&#xE1;rez. -- Poema para un complice eterno. -- Eterno retorno I. -- Poema para el primo Jaime. -- Clima tropical de monta&#xF1;a. -- &#xC9;xodo. -- R&#xE9;quiem por el primo Eucardo. -- Poema para Sandra Araminta. -- Poema para el primo Jos&#xE9; Salvador. -- Hoja de vida. -- Mam&#xE1; y yo. -- Cuenta de mi pap&#xE1;. -- Autorretrato con la pierna quebrada. -- Espejo. -- Poema para la primera Jenny que se fue para espa&#xF1;a. -- Poema para la nona Chepa. -- Esteban que vienes. -- Alzheimer. -- El demonio de vidrio. .</subfield>
  </datafield>
  <datafield tag="520" ind1="3" ind2=" ">
    <subfield code="a">Este libro es una recopilaci&#xF3;n de 36 poemas del autor &#xC1;lvaro Neil Franco Zambrano.</subfield>
  </datafield>
  <datafield tag="650" ind1=" " ind2="7">
    <subfield code="a">Poes&#xED;a colombiana</subfield>
    <subfield code="2">lemb</subfield>
    <subfield code="9">76232</subfield>
  </datafield>
  <datafield tag="650" ind1=" " ind2="7">
    <subfield code="a">Literatura colombiana</subfield>
    <subfield code="2">lemb</subfield>
    <subfield code="9">41945</subfield>
  </datafield>
  <datafield tag="650" ind1=" " ind2="7">
    <subfield code="a">Autores colombianos</subfield>
    <subfield code="2">lemb</subfield>
    <subfield code="9">225573</subfield>
  </datafield>
  <datafield tag="942" ind1=" " ind2=" ">
    <subfield code="c">BOOK</subfield>
  </datafield>
  <datafield tag="999" ind1=" " ind2=" ">
    <subfield code="c">531107</subfield>
    <subfield code="d">531107</subfield>
  </datafield>
  <datafield tag="952" ind1=" " ind2=" ">
    <subfield code="0">0</subfield>
    <subfield code="1">0</subfield>
    <subfield code="4">0</subfield>
    <subfield code="7">0</subfield>
    <subfield code="8">COLIT</subfield>
    <subfield code="a">BC</subfield>
    <subfield code="b">BC</subfield>
    <subfield code="d">2009-11-12</subfield>
    <subfield code="e">Material adquirido por donaci&#xF3;n</subfield>
    <subfield code="i">C1073043</subfield>
    <subfield code="l">1</subfield>
    <subfield code="o">861.08 F825</subfield>
    <subfield code="p">0735128</subfield>
    <subfield code="r">2023-11-17 00:00:00</subfield>
    <subfield code="s">2023-11-12</subfield>
    <subfield code="t">1</subfield>
    <subfield code="w">2023-04-29</subfield>
    <subfield code="y">BOOK</subfield>
  </datafield>
</record>
